000 00809nam a22001337a 4500
999 _c8485
_d8486
008 200713b ||||| |||| 00| 0 eng d
020 _a9789998035010
082 _a808.5 HIS
245 _aམི་དབང་མངའ་བདག་རིན་པོ་ཆེའི་ཞབས་ལས་བསམ་རྩེ་ལུ་རྒྱལ་ཡོངས་དུས་ཆེན་༡༡༡ པའི་ཉིན་རྒྱལ་ཡོངས་ལུ་གནང་བའི་གསུང་བཤད་གསེར་གྱི་ཐིགས་པ།
_bHis majesty`s address to the Nation on the occasion of the 111th National Day celebration in samtse on December 17, 2018.
260 _c2019.
300 _a38 p.
_c21 cm.
650 _aHis majesty`s speech to the nation in 17th December 2019.
942 _2ddc